01682nam a2200349 a 4500001001200000003000800012006001900020007001500039008004100054020001800095020002700113040002100140035002100161050002500182111005300207245035900260250001200619260005000631300002800681490002600709504004100735533015200776650003300928650003200961650004700993655002901040710003901069710001701108830006401125856012601189999001701315ebr10583477CaPaEBRm u cr cn|||||||||120813s2012 sz a sb 100 0 eng d z9789221245070 z9789221245087 (e-book) aCaPaEBRcCaPaEBR a(OCoLC)80833991514aK1704.8b.C66 2012eb2 aInternational Labour Conferencen(101st :d2012)10aFundamental principles and rights at workh[electronic resource] :bfrom commitment to action : recurrent discussion under the ILO Declaration on Social Justice for a Fair Globalization and the follow-up to the ILO Declaration on Fundamental Principles and Rights to Work : sixth item on the agenda /cInternational Labor Conference, 101st session, 2012. a1st ed. aGeneva :bInternational Labour Office,c2012. avi, 113 p. :bcol. ill.1 aReport VI,x0074-6681 aIncludes bibliographical references. aElectronic reproduction.bPalo Alto, Calif. :cebrary,d2011.nAvailable via World Wide Web.nAccess may be limited to ebrary affiliated libraries. 0aEmployee rightsvCongresses. 0aSocial justicevCongresses. 0aGlobalizationxSocial aspectsvCongresses. 7aElectronic books.2local2 aInternational Labour Organization.2 aebrary, Inc. 0aReport (International Labour Conference) ;v101 session, 6.40uhttp://site.ebrary.com/lib/rucke/Doc?id=10583477zAn electronic book accessible through the World Wide Web; click to view c82706d82706